00655 2200229 4500001002100000005001700021008004100038020001800079035002400097082000800121090001800129245009800147260003100245300002500276650002100301700002000322700002400342850001600366980001500382985000600397999002200403YOGYA-0209000005592120090227033623.0 ind  a979-672-858-3 0010-020900000055921 a266 a266bBislDEP aBisikan daun-daun sabdacEditor, G.P. Sindhunata...[et.al]; ilustrasi oleh Bambang Shaluntala aYogyakartabKanisiusc2000 a264 hlmbilusc21 cm aPengaburan Injil aSindhunata, G.P aShakuntala, Bambang aYOPDBPD (M) a03-08-2004 a1 a2000-202h CB-D.11